Vincitori UEFA Champions League - Morte improvvisa - Statistics

Statistiche generali
  • Questo quiz è stato fatto 819 volte
    311 dall'ultimo reset
  • Il punteggio medio è 16 su 24
Answers on the Grid
Answers color-coded by a green-red scale on the quiz's grid according to % correct below.
Real Madrid
Milan
Bayern Monaco
Liverpool
Barcellona
Ajax
Inter
Manchester Utd
Juventus
Benfica
Chelsea
Nottingham Forest
Porto
Borussia Dortmund
Celtic
Amburgo
Steaua Bucarest
Olympique Marsiglia
Manchester City
Feyenoord
Aston Villa
PSV
Stella Rossa
Bayer Leverkusen
Schalke 04
Atlético Madrid
Valencia
Siviglia
Paris Saint-Germain
Olympique Lione
Arsenal
Tottenham
Roma
Napoli
AZ Alkmaar
CSKA Mosca
Anderlecht
Galatasaray
Sporting Lisbona
Olympiacos
Rangers
Shakhtar Donetsk
Dinamo Zagabria
Partizan
Legia Varsavia
Werder Brema
Deportivo La Coruña
Monaco
Newcastle Utd
Lazio
 
Statistiche sulle risposte
Risposta % Corretto
Inter
81%
Milan
81%
Juventus
80%
Barcellona
77%
Chelsea
77%
Liverpool
77%
Manchester Utd
77%
Real Madrid
76%
Bayern Monaco
75%
Manchester City
75%
Ajax
71%
Paris Saint-Germain
67%
Porto
65%
Nottingham Forest
64%
Benfica
59%
Stella Rossa
58%
Celtic
56%
Olympique Marsiglia
56%
Borussia Dortmund
54%
Steaua Bucarest
54%
PSV
51%
Aston Villa
50%
Amburgo
46%
Feyenoord
44%
Nessun quiz corrispondente trovato
Distribuzione punteggi
Percentuale di utenti per punteggio
Percentile per numero di risposta
I tuoi punteggi nel tempo
Non hai fatto questo quiz dall'ultimo reset